| 000 | 00535nam a2200205Ia 4500 | ||
|---|---|---|---|
| 003 | OSt | ||
| 005 | 20220926023325.0 | ||
| 006 | a|||||r|||| 00| 0 | ||
| 007 | ta | ||
| 008 | 220923b |||||||| |||| 00| 0 eng d | ||
| 037 | _cGeneral Book | ||
| 040 |
_aRTL _cRTL _beng |
||
| 041 |
_2eng _aeng |
||
| 082 | _an937,M93, G7 | ||
| 245 | 4 | _aThe New Zealand official Year Book 1938 | |
| 250 | _a46th | ||
| 260 |
_aNew _bZealand Wellingtin _c1938 |
||
| 942 |
_hn937,M93, G7 _cGB _2CC |
||
| 999 |
_c641435 _d641435 |
||